| 000 | 01137cam a2200325 a 4500 | ||
|---|---|---|---|
| 001 | 3284537 | ||
| 003 | OSt | ||
| 005 | 20180117085949.0 | ||
| 008 | 831021s1981 enka b 000 0 eng | ||
| 010 | _a 82150056 | ||
| 020 |
_a0906890039 (pbk.) : _c£3.25 |
||
| 020 |
_a0906890047 (hard) : _c£9.50 |
||
| 040 |
_aDLC _cDLC _dDLC |
||
| 043 | _ae-uk--- | ||
| 050 | 0 | 0 |
_aPN5114 _b.W46 1981 |
| 082 | 0 | 0 |
_a072 _219 |
| 100 | 1 |
_aWhitaker, Brian, _d1947- |
|
| 245 | 1 | 0 |
_aNews limited : _bwhy you can't read all about it / _cBrian Whitaker ; preface by Tom Hopkinson. |
| 260 |
_aLondon : _bMinority Press Group, _c1981. |
||
| 300 |
_a176 p. : _bill. ; _c22 cm. |
||
| 440 | 0 |
_aMinority Press Group series ; _vno. 5 |
|
| 500 | _aTitle on cover: News ltd. | ||
| 504 | _aIncludes bibliographical references. | ||
| 650 | 0 | _aEnglish newspapers. | |
| 650 | 0 |
_aJournalism _xObjectivity _zGreat Britain. |
|
| 740 | 0 | _aNews ltd. | |
| 906 |
_a7 _bcbc _corignew _d3 _encip _f19 _gy-gencatlg |
||
| 942 |
_2ddc _cBK |
||
| 999 |
_c2787 _d2787 |
||